Top 10 right and left hand armwrestlers - Statistics

General Stats
  • This quiz has been taken 18 times
  • The average score is 13 of 20
Answer Stats
hand and placing Answer % Correct
#2 right hand Devon Larratt
100%
#8 left hand Devon Larratt
100%
#1 right hand Levan Saginashvili
100%
#4 right hand Vitaly Laletin
92%
#1 left hand Vitaly Laletin
92%
#6 right hand Artyom Morosov
83%
#2 left hand Artyom Morozov
83%
#3 right hand Ermes Gasparini
83%
#9 right hand Michael Todd
75%
#5 right hand Jerry Cadorette
67%
#5 left hand Kamil Jablonski
67%
#8 right hand Georgi Tsvetkov
58%
#7 right hand Alex Kurdecha
50%
#9 left hand Alex Kurdecha
50%
#4 left hand David Dadikyan
50%
#3 left hand Alizhan Muratov
42%
#6 left hand Tobias Sporrong
42%
#10 right hand Georgy Dzeranov
33%
#7 left hand Ivan Matyushenko
33%
#10 left hand Dmitry Silaev
25%
No matching quizzes found
Score Distribution
Percent of People with Each Score
Percentile by Number Answered
Your Score History
You have not taken this quiz